000 01074nam a22002537a 4500
005 20170124102946.0
010 _aA-995131
020 _c300.00
_a8185727694
035 _aA-995131
037 _bCen Lib/Ret
040 _aDPL
_bHN
082 _a822.08
_bतनेजा
100 _aतनेजा, जयदेव
_950082
245 _aहिन्दी नाटक :
_cजयदेव तनेजा
_bआज-कल /
246 _aHindi natak : aaj-kal /
_bby Jaydev Taneja
260 _aनई दिल्ली
_bतक्षशिला प्रकाशन
_c2000
270 _bनई दिल्ली
_a23/4761, अंसारी रोड, दरियागंज
_e110002
300 _a224पृ.
_c21सेमी (सजिल्द)
650 _aहिन्दी -- साहित्य
_950083
650 _aहिन्दी -- समकालीन नाटक
_946022
650 _aHindi -- literature
_950084
650 _aHindi - Contemporary Drama
_948904
942 _2ddc
_cHN
_h822.08
_mतनेजा
999 _c112987
_d112987